000 00828nam a2200205Ia 4500
003 OSt
005 20260122193056.0
007 ca aa aaaaa
008 201103s9999 xx 000 0 und d
040 _cSSBUL
041 _abur
082 _a၂၉၄.၃၀၂
_bဗုဒ်
_2၂၃
245 0 _aဗုဒ္ဓဘာသာလက်စွဲ၊
_nပဉ္စမတွဲ။
250 _aတတိယအကြိမ်။
260 _aရန်ကုန် ၊
_bနိုင်ငံတော်ဗုဒ္ဓသာသနာအဖွဲ့ပုံနှိပ်တိုက်၊
_c၁၉၆၁။
300 _aစ၊ ၂၀၅ စာမျက်နှာ ၊
_c၁၈ စင်တီ။
500 _aS-SAT: Dr. Prof Sai Aung Tun
650 _aဗုဒ္ဓဘာသာ
_xလက်စွဲ
942 _cBK
_2ddc
999 _c16649
_d16649